[Event "WC-2018-S-00002"]
[Site "LSS email"]
[Date "2018.07.11"]
[Round "?"]
[White "Markus, Roland"]
[Black "Roberts, Anthony"]
[Result "1/2-1/2"]
[WhiteElo "2380"]
[BlackElo "2367"]
[PlyCount "58"]
[EventDate "2018.07.15"]
[EventType "tourn (corr)"]
[EventRounds "12"]
[EventCountry "GER"]
[SourceTitle "Corr 2024"]
[Source "ChessBase"]
[SourceDate "2023.10.19"]
[SourceVersion "1"]
[SourceVersionDate "2023.10.19"]
[SourceQuality "1"]

1. e4 c5 2. Nf3 d6 3. d4 cxd4 4. Nxd4 Nf6 5. Nc3 a6 6. Be3 Ng4 7. Bg5 h6 8. Bh4 g5 9. Bg3 Bg7 10. h3 Ne5 11. Nf5 Bxf5 12. exf5 Nbc6 13. Nd5 e6 14. fxe6 fxe6 15. Ne3 0-0 16. Be2 d5 17. 0-0 Ng6 18. c4 d4 19. Qc2 Qe8 20. Bh5 dxe3 21. Bxg6 exf2+ 22. Bxf2 Nd4 23. Qd3 Ne2+ 24. Qxe2 Qxg6 25. Rfe1 Rad8 26. Rad1 h5 27. Rxd8 Rxd8 28. b3 e5 29. Rd1 Rxd1+ 1/2-1/2

[Event "WC-2018-S-00002"]
[Site "LSS email"]
[Date "2018.07.11"]
[Round "?"]
[White "Roberts, Anthony"]
[Black "Contreras, Juan A"]
[Result "1/2-1/2"]
[WhiteElo "2367"]
[BlackElo "2352"]
[PlyCount "67"]
[EventDate "2018.07.15"]
[EventType "tourn (corr)"]
[EventRounds "12"]
[EventCountry "GER"]
[SourceTitle "Corr 2024"]
[Source "ChessBase"]
[SourceDate "2023.10.19"]
[SourceVersion "1"]
[SourceVersionDate "2023.10.19"]
[SourceQuality "1"]

1. e4 c5 2. Nf3 d6 3. d4 cxd4 4. Nxd4 Nf6 5. Nc3 a6 6. Bg5 e6 7. f4 Qb6 8. Qd2 Qxb2 9. Rb1 Qa3 10. e5 h6 11. Bh4 dxe5 12. fxe5 Nfd7 13. Ne4 Qxa2 14. Rd1 Qd5 15. Qe3 Qxe5 16. Be2 Bc5 17. Bg3 Bxd4 18. Rxd4 Qa5+ 19. Rd2 0-0 20. Bd6 Nc6 21. 0-0 Qd8 22. Bxf8 Qxf8 23. Nd6 Nde5 24. Nxf7 Nxf7 25. Bh5 Nce5 26. Rdf2 Qe7 27. Bxf7+ Nxf7 28. Rxf7 Qxf7 29. Rxf7 Kxf7 30. Qb3 a5 31. Qa4 Ra6 32. Kf2 Ke7 33. Ke3 Bd7 34. Qh4+ 1/2-1/2

[Event "WC-2018-S-00002"]
[Site "LSS email"]
[Date "2018.07.11"]
[Round "?"]
[White "Roberts, Anthony"]
[Black "Danzanvilliers, Patrice"]
[Result "1/2-1/2"]
[WhiteElo "2367"]
[BlackElo "2296"]
[PlyCount "55"]
[EventDate "2018.07.15"]
[EventType "tourn (corr)"]
[EventRounds "12"]
[EventCountry "GER"]
[SourceTitle "Corr 2024"]
[Source "ChessBase"]
[SourceDate "2023.10.19"]
[SourceVersion "1"]
[SourceVersionDate "2023.10.19"]
[SourceQuality "1"]

1. e4 c5 2. Nf3 d6 3. d4 cxd4 4. Nxd4 Nf6 5. Nc3 a6 6. Bg5 e6 7. f4 Nbd7 8. Qe2 Qc7 9. 0-0-0 b5 10. a3 Bb7 11. g4 Be7 12. Bg2 Qc4 13. Qxc4 bxc4 14. h3 Rb8 15. Bh4 Nxe4 16. Nxe4 Bxe4 17. Bxe4 Bxh4 18. Nc6 Rb6 19. Rxd6 Be7 20. Rd4 Bf6 21. Rxc4 Bxb2+ 22. Kd2 Bxa3 23. Ra1 Bb2 24. Ra2 Bf6 25. Rb4 Rxb4 26. Nxb4 0-0 27. Ke3 Be7 28. Nxa6 1/2-1/2

[Event "WC-2018-T-00003"]
[Site "LSS email"]
[Date "2018.06.12"]
[Round "?"]
[White "Szczepanski, Zbigniew"]
[Black "Roberts, Anthony"]
[Result "1/2-1/2"]
[WhiteElo "2451"]
[BlackElo "2367"]
[PlyCount "46"]
[EventDate "2018.06.19"]
[EventType "tourn (corr)"]
[EventRounds "10"]
[EventCountry "GER"]
[SourceTitle "Corr 2022"]
[Source "ChessBase"]
[SourceDate "2021.10.24"]
[SourceVersion "1"]
[SourceVersionDate "2021.10.24"]
[SourceQuality "1"]

1. d4 Nf6 2. Nf3 e6 3. g3 c5 4. Bg2 cxd4 5. Nxd4 d5 6. 0-0 e5 7. Nb3 Be6 8. c4 Nc6 9. cxd5 Nxd5 10. N1d2 Be7 11. Ne4 b6 12. Nc3 Ndb4 13. a3 Qxd1 14. Rxd1 Bxb3 15. axb4 Rc8 16. Bh3 Rc7 17. Nb5 Bxd1 18. Nxc7+ Kd8 19. Nd5 Bxe2 20. Bg2 Kd7 21. Nxe7 Nxe7 22. Rxa7+ Ke6 23. f4 Rc8 1/2-1/2

[Event "WC-2018-T-00003"]
[Site "LSS email"]
[Date "2018.06.12"]
[Round "?"]
[White "Wosch, Arkadiusz Janusz"]
[Black "Roberts, Anthony"]
[Result "1/2-1/2"]
[WhiteElo "2392"]
[BlackElo "2367"]
[PlyCount "51"]
[EventDate "2018.06.19"]
[EventType "tourn (corr)"]
[EventRounds "10"]
[EventCountry "GER"]
[SourceTitle "Corr 2022"]
[Source "ChessBase"]
[SourceDate "2021.10.24"]
[SourceVersion "1"]
[SourceVersionDate "2021.10.24"]
[SourceQuality "1"]

1. e4 c5 2. Nf3 d6 3. d4 cxd4 4. Nxd4 Nf6 5. Nc3 a6 6. Be3 Ng4 7. Bg5 h6 8. Bh4 g5 9. Bg3 Bg7 10. h3 Ne5 11. f3 Nbc6 12. Bf2 Ng6 13. Qd2 Nxd4 14. Bxd4 Bxd4 15. Qxd4 Qa5 16. h4 gxh4 17. Rxh4 Qg5 18. Rh1 Be6 19. Qd2 Rc8 20. a3 Kd7 21. 0-0-0 Qxd2+ 22. Rxd2 h5 23. Rd4 Rcf8 24. Kd2 Ne5 25. Ke1 Nc6 26. Rd2 1/2-1/2

[Event "WC-2018-P-00005"]
[Site "LSS email"]
[Date "2018.01.22"]
[Round "?"]
[White "Goreczny, Grzegorz"]
[Black "Roberts, Anthony"]
[Result "1/2-1/2"]
[WhiteElo "2196"]
[BlackElo "2352"]
[PlyCount "78"]
[EventDate "2018.02.01"]
[EventType "tourn (corr)"]
[EventRounds "12"]
[EventCountry "GER"]
[SourceTitle "Corr 2022"]
[Source "ChessBase"]
[SourceDate "2021.10.24"]
[SourceVersion "1"]
[SourceVersionDate "2021.10.24"]
[SourceQuality "1"]

1. d4 Nf6 2. c4 e6 3. Nf3 b6 4. g3 Be7 5. Bg2 Bb7 6. 0-0 0-0 7. Nc3 Ne4 8. Bd2 f5 9. Qc2 Nxc3 10. Bxc3 Be4 11. Qd2 d5 12. cxd5 Bxd5 13. Ne5 Bf6 14. Bxd5 Qxd5 15. Nd3 Nc6 16. e3 Rad8 17. Qe2 g5 18. Rfd1 a5 19. b3 Ne7 20. Rac1 Ng6 21. Bb2 Rf7 22. b4 Qb5 23. a4 Qxa4 24. Ra1 Qb5 25. bxa5 Ra8 26. axb6 Rxa1 27. Rxa1 cxb6 28. Qc2 h5 29. Ra4 Qd5 30. Rb4 Bd8 31. Rc4 h4 32. Rc8 Ne7 33. Nb4 Qd6 34. Rc4 Nd5 35. Nd3 Rc7 36. Rxc7 Bxc7 37. Qe2 Kg7 38. e4 fxe4 39. Qxe4 Nf6 1/2-1/2

[Event "CP-2017-P-00027"]
[Site "LSS email"]
[Date "2017.09.27"]
[Round "?"]
[White "Kopasov, Evgeny Aleksandrovi"]
[Black "Roberts, Anthony"]
[Result "1-0"]
[WhiteElo "2188"]
[BlackElo "2360"]
[PlyCount "95"]
[EventDate "2017.10.01"]
[EventType "tourn (corr)"]
[EventRounds "6"]
[EventCountry "GER"]
[SourceTitle "Corr 2022"]
[Source "ChessBase"]
[SourceDate "2021.10.24"]
[SourceVersion "1"]
[SourceVersionDate "2021.10.24"]
[SourceQuality "1"]

1. d4 Nf6 2. c4 e6 3. Nf3 d5 4. Nc3 c6 5. Bg5 dxc4 6. e4 b5 7. e5 h6 8. Bh4 g5 9. Nxg5 hxg5 10. Bxg5 Nbd7 11. exf6 Bb7 12. g3 Qb6 13. Bg2 c5 14. d5 0-0-0 15. 0-0 b4 16. Re1 bxc3 17. bxc3 e5 18. Rb1 Qd6 19. Qa4 Qa6 20. Qc2 Bd6 21. a4 Rde8 22. Be4 Kc7 23. h4 Reg8 24. a5 Rb8 25. Qe2 Bc8 26. Rxb8 Kxb8 27. h5 Qxa5 28. h6 Nf8 29. Qxc4 Nh7 30. f4 Nxg5 31. fxg5 Ba6 32. Qb3+ Kc7 33. Kg2 c4 34. Qb2 Bc8 35. Ra1 Qc5 36. Kf3 a5 37. Qa2 Kb6 38. Qa4 Ka6 39. Qc6+ Qxc6 40. dxc6 Be6 41. h7 Kb6 42. g4 Bc7 43. g6 fxg6 44. Bxg6 Bd5+ 45. Be4 Kxc6 46. Rd1 Bxe4+ 47. Kxe4 Rxh7 48. g5 1-0

[Event "WC-2017-Q-00012"]
[Site "LSS email"]
[Date "2017.08.22"]
[Round "?"]
[White "Frendzas, Panayotis"]
[Black "Roberts, Anthony"]
[Result "1/2-1/2"]
[WhiteElo "2523"]
[BlackElo "2358"]
[PlyCount "109"]
[EventDate "2017.09.01"]
[EventType "tourn (corr)"]
[EventRounds "12"]
[EventCountry "GER"]
[SourceTitle "Corr 2022"]
[Source "ChessBase"]
[SourceDate "2021.10.24"]
[SourceVersion "1"]
[SourceVersionDate "2021.10.24"]
[SourceQuality "1"]

1. e4 c5 2. Nf3 d6 3. d4 cxd4 4. Nxd4 Nf6 5. Nc3 a6 6. Be3 Ng4 7. Bc1 Nf6 8. f3 e6 9. Be3 b5 10. Qd2 Nbd7 11. g4 h6 12. 0-0-0 b4 13. Nce2 Qc7 14. h4 d5 15. g5 hxg5 16. exd5 Nxd5 17. Bxg5 e5 18. Re1 Bb7 19. Nf4 N5f6 20. Bh3 0-0-0 21. Nfe6 fxe6 22. Nxe6 Qd6 23. Qe2 Bd5 24. Nxd8 Kxd8 25. Bxd7 Kxd7 26. Rd1 Kc7 27. Rd2 Qc5 28. Rhd1 Bc4 29. Qe1 Be6 30. f4 Be7 31. Qxe5+ Qxe5 32. fxe5 Ng8 33. Bxe7 Nxe7 34. Rd6 Bc8 35. R1d4 Nc6 36. Rc4 Bd7 37. Rg6 Rh7 38. b3 Be8 39. Rd6 Bd7 40. Kb2 Rh8 41. Rg6 Rh7 42. a3 a5 43. a4 Be8 44. Re6 Bd7 45. Rg6 Be8 46. Rd6 Rh8 47. Re6 Kb6 48. Rf4 Kc5 49. Rd6 Rh5 50. Rc4+ Kb6 51. Re6 Rh8 52. Rf4 Kc5 53. Rg4 g6 54. Rf4 Rg8 55. Rc4+ 1/2-1/2

[Event "WC-2017-Q-00012"]
[Site "LSS email"]
[Date "2017.08.22"]
[Round "?"]
[White "Hillebrand, Carsten"]
[Black "Roberts, Anthony"]
[Result "1/2-1/2"]
[WhiteElo "2025"]
[BlackElo "2358"]
[PlyCount "49"]
[EventDate "2017.09.01"]
[EventType "tourn (corr)"]
[EventRounds "12"]
[EventCountry "GER"]
[SourceTitle "Corr 2022"]
[Source "ChessBase"]
[SourceDate "2021.10.24"]
[SourceVersion "1"]
[SourceVersionDate "2021.10.24"]
[SourceQuality "1"]

1. e4 c5 2. Nf3 d6 3. d4 cxd4 4. Nxd4 Nf6 5. Nc3 a6 6. Bg5 e6 7. f4 Qb6 8. Qd2 Qxb2 9. Rb1 Qa3 10. e5 h6 11. Bh4 dxe5 12. fxe5 g5 13. exf6 gxh4 14. Be2 Qa5 15. 0-0 Nd7 16. Kh1 Qg5 17. Rf4 e5 18. Nd5 exd4 19. Qxd4 Kd8 20. Ne7 Qe5 21. Qd2 Bxe7 22. fxe7+ Qxe7 23. Bg4 f5 24. Rxf5 Re8 25. Rd1 1/2-1/2

[Event "WC-2017-Q-00012"]
[Site "LSS email"]
[Date "2017.08.22"]
[Round "?"]
[White "Kahl, Fred"]
[Black "Roberts, Anthony"]
[Result "1/2-1/2"]
[WhiteElo "2394"]
[BlackElo "2358"]
[PlyCount "105"]
[EventDate "2017.09.01"]
[EventType "tourn (corr)"]
[EventRounds "12"]
[EventCountry "GER"]
[SourceTitle "Corr 2022"]
[Source "ChessBase"]
[SourceDate "2021.10.24"]
[SourceVersion "1"]
[SourceVersionDate "2021.10.24"]
[SourceQuality "1"]

1. d4 Nf6 2. c4 e6 3. g3 d5 4. Bg2 dxc4 5. Nf3 Be7 6. Qa4+ c6 7. Qxc4 0-0 8. 0-0 b5 9. Qc2 Bb7 10. Rd1 Nbd7 11. Nc3 b4 12. Na4 Qa5 13. Ne1 Rac8 14. a3 bxa3 15. b3 Nd5 16. e4 N5f6 17. Nc5 Nxc5 18. b4 Qxb4 19. Bxa3 Qb3 20. Bxc5 Qxc2 21. Nxc2 Bxc5 22. dxc5 a6 23. Ne3 Rc7 24. Nc4 h6 25. Ra5 Bc8 26. f3 Rb7 27. Rd6 Rb3 28. Ne5 Bb7 29. Bf1 g5 30. Kf2 g4 31. Nxg4 Rb2+ 32. Be2 Nxg4+ 33. fxg4 e5 34. Ke3 Kg7 35. Ra3 Rc2 36. Rb3 Bc8 37. Rxc6 a5 38. Ra3 a4 39. Kd3 Rc1 40. Kd2 Rh1 41. Rd6 Be6 42. Rxa4 Rxh2 43. Ke3 Rg2 44. Ra7 Kg6 45. Bc4 Rxg3+ 46. Kd2 Kg5 47. Bd5 Rb8 48. Rb6 Rc8 49. c6 Kf6 50. c7 Rxg4 51. Bc4 Rg2+ 52. Kc3 Rg1 53. Kc2 1/2-1/2

[Event "WC-2017-Q-00012"]
[Site "LSS email"]
[Date "2017.08.22"]
[Round "?"]
[White "Roberts, Anthony"]
[Black "Frendzas, Panayotis"]
[Result "1/2-1/2"]
[WhiteElo "2358"]
[BlackElo "2523"]
[PlyCount "71"]
[EventDate "2017.09.01"]
[EventType "tourn (corr)"]
[EventRounds "12"]
[EventCountry "GER"]
[SourceTitle "Corr 2022"]
[Source "ChessBase"]
[SourceDate "2021.10.24"]
[SourceVersion "1"]
[SourceVersionDate "2021.10.24"]
[SourceQuality "1"]

1. e4 e6 2. d4 d5 3. Nc3 Nf6 4. e5 Nfd7 5. f4 c5 6. Nf3 Nc6 7. Be3 a6 8. Qd2 Be7 9. dxc5 Nxc5 10. 0-0-0 Qa5 11. Nd4 Nxd4 12. Bxd4 b5 13. Kb1 b4 14. Ne2 0-0 15. g4 Bd7 16. Bg2 Rfc8 17. h4 Na4 18. Rh3 Rc6 19. Nc1 Rac8 20. Nb3 Qc7 21. Rc1 a5 22. Bf1 Nc3+ 23. bxc3 bxc3 24. Qe1 Qb7 25. a4 Rc4 26. Bxc4 dxc4 27. Rxc3 Bb4 28. Ka2 cxb3+ 29. cxb3 Qg2+ 30. Ka1 Bxc3+ 31. Rxc3 Qxg4 32. Qf2 h5 33. Kb2 Rxc3 34. Bxc3 Bc6 35. Bxa5 Bd5 36. Be1 1/2-1/2

[Event "WC-2017-Q-00012"]
[Site "LSS email"]
[Date "2017.08.22"]
[Round "?"]
[White "Roberts, Anthony"]
[Black "Schmidt, Johannes"]
[Result "1-0"]
[WhiteElo "2358"]
[BlackElo "2189"]
[PlyCount "99"]
[EventDate "2017.09.01"]
[EventType "tourn (corr)"]
[EventRounds "12"]
[EventCountry "GER"]
[SourceTitle "Corr 2022"]
[Source "ChessBase"]
[SourceDate "2021.10.24"]
[SourceVersion "1"]
[SourceVersionDate "2021.10.24"]
[SourceQuality "1"]

1. e4 c5 2. Nf3 d6 3. d4 cxd4 4. Nxd4 Nf6 5. Nc3 a6 6. Bg5 e6 7. f4 b5 8. e5 dxe5 9. fxe5 Qc7 10. exf6 Qe5+ 11. Be2 Qxg5 12. 0-0 Ra7 13. Qd3 Qe5 14. Ne4 Rd7 15. Nf3 Qxb2 16. Qe3 Bb7 17. Rab1 Qxa2 18. Kh1 Bxe4 19. Qxe4 Qd5 20. Qf4 Bd6 21. fxg7 Rg8 22. Qh6 Qf5 23. Bd3 Bf4 24. Qh4 Rxd3 25. cxd3 Rxg7 26. d4 Rg4 27. Qf2 Nd7 28. Qa2 Ke7 29. Ra1 Bd6 30. Qxa6 Qc2 31. Rg1 b4 32. Qb5 Qf5 33. Qxf5 exf5 34. Rgd1 Nb6 35. Rdc1 Rg6 36. Ra7+ Nd7 37. Nh4 Rg5 38. Ra5 Kd8 39. Rd5 Bb8 40. Rb1 Rg4 41. Nxf5 Bc7 42. g3 Re4 43. Rxb4 Re1+ 44. Kg2 Kc8 45. Nd6+ Bxd6 46. Rxd6 Kc7 47. Rh6 Re2+ 48. Kf1 Re7 49. Rc4+ Kb7 50. Rxh7 1-0

[Event "WC-2017-S-00002"]
[Site "LSS email"]
[Date "2017.06.07"]
[Round "?"]
[White "Narkun, Michal"]
[Black "Roberts, Anthony"]
[Result "1/2-1/2"]
[WhiteElo "2436"]
[BlackElo "2344"]
[PlyCount "41"]
[EventDate "2017.06.15"]
[EventType "tourn (corr)"]
[EventRounds "12"]
[EventCountry "GER"]
[SourceTitle "Corr 2022"]
[Source "ChessBase"]
[SourceDate "2021.10.24"]
[SourceVersion "1"]
[SourceVersionDate "2021.10.24"]
[SourceQuality "1"]

1. d4 Nf6 2. c4 e6 3. Nf3 d5 4. Nc3 c6 5. Bg5 h6 6. Bh4 dxc4 7. e4 g5 8. Bg3 b5 9. h4 g4 10. Ne5 Nbd7 11. Nxc6 Qb6 12. d5 Nc5 13. Qc2 Bb7 14. a4 Bxc6 15. dxc6 b4 16. Nb5 b3 17. Qxc4 Nfxe4 18. a5 Qxc6 19. Bf4 Nd6 20. Nxd6+ Bxd6 21. Bxd6 1/2-1/2

[Event "WC-2017-S-00004"]
[Site "LSS email"]
[Date "2017.05.17"]
[Round "?"]
[White "Almeida, Ramiro"]
[Black "Roberts, Anthony"]
[Result "1/2-1/2"]
[WhiteElo "2282"]
[BlackElo "2343"]
[PlyCount "57"]
[EventDate "2017.06.01"]
[EventType "tourn (corr)"]
[EventRounds "12"]
[EventCountry "GER"]
[SourceTitle "Corr 2024"]
[Source "ChessBase"]
[SourceDate "2023.10.19"]
[SourceVersion "1"]
[SourceVersionDate "2023.10.19"]
[SourceQuality "1"]

1. e4 c5 2. Nf3 d6 3. d4 cxd4 4. Nxd4 Nf6 5. Nc3 a6 6. Be3 Ng4 7. Bg5 h6 8. Bh4 g5 9. Bg3 Bg7 10. h3 Ne5 11. Qd2 Nbc6 12. 0-0-0 Nxd4 13. Qxd4 Be6 14. Nd5 Rc8 15. h4 Qa5 16. a3 g4 17. Kb1 Qc5 18. Qd2 Nc4 19. Bxc4 Qxc4 20. Rhe1 Qb5 21. e5 Bxd5 22. Qxd5 Rc5 23. Qe4 dxe5 24. Qxg4 0-0 25. Qd7 Qb6 26. c3 Rxc3 27. Bxe5 Bxe5 28. Rxe5 Rc7 29. Qf5 1/2-1/2

[Event "WC-2017-S-00004"]
[Site "LSS email"]
[Date "2017.05.17"]
[Round "?"]
[White "Fernandez, Javier Horacio"]
[Black "Roberts, Anthony"]
[Result "1/2-1/2"]
[WhiteElo "2305"]
[BlackElo "2343"]
[PlyCount "73"]
[EventDate "2017.06.01"]
[EventType "tourn (corr)"]
[EventRounds "12"]
[EventCountry "GER"]
[SourceTitle "Corr 2024"]
[Source "ChessBase"]
[SourceDate "2023.10.19"]
[SourceVersion "1"]
[SourceVersionDate "2023.10.19"]
[SourceQuality "1"]

1. d4 Nf6 2. c4 e6 3. Nf3 d5 4. Nc3 c6 5. Bg5 h6 6. Bh4 dxc4 7. e4 g5 8. Bg3 b5 9. Be2 Bb7 10. h4 g4 11. Ne5 Nbd7 12. Nxd7 Qxd7 13. Be5 Qe7 14. b3 Rg8 15. 0-0 Bg7 16. g3 c5 17. Nxb5 Rd8 18. bxc4 Nxe4 19. Qa4 Bc6 20. Qxa7 cxd4 21. Bc7 Ra8 22. Qb6 Qc5 23. a4 Kd7 24. Rfd1 h5 25. Bd3 Qxb6 26. Bxb6 e5 27. a5 f5 28. Ra3 Rgf8 29. a6 Bf6 30. Na7 Bd8 31. Nxc6 Kxc6 32. Bxd8 Raxd8 33. Bxe4+ fxe4 34. Ra5 d3 35. Rda1 Rf5 36. a7 Ra8 37. R1a3 1/2-1/2

[Event "WC-2017-P-00018"]
[Site "LSS email"]
[Date "2017.01.23"]
[Round "?"]
[White "Correa de Almeida, Claudio"]
[Black "Roberts, Anthony"]
[Result "0-1"]
[WhiteElo "1607"]
[BlackElo "2336"]
[PlyCount "102"]
[EventDate "2017.02.01"]
[EventType "tourn (corr)"]
[EventRounds "12"]
[EventCountry "GER"]
[SourceTitle "Corr 2022"]
[Source "ChessBase"]
[SourceDate "2021.10.24"]
[SourceVersion "1"]
[SourceVersionDate "2021.10.24"]
[SourceQuality "1"]

1. e4 c5 2. Nf3 d6 3. d4 cxd4 4. Nxd4 Nf6 5. Nc3 a6 6. Nb3 e6 7. g4 b5 8. Bg2 Nfd7 9. 0-0 Nc6 10. g5 Be7 11. Be3 b4 12. Ne2 0-0 13. c3 bxc3 14. Nxc3 a5 15. f4 e5 16. h4 a4 17. Nc1 exf4 18. Bxf4 Nde5 19. Nd5 Nb4 20. Nxb4 Qb6+ 21. Rf2 Qxb4 22. Nd3 Qb6 23. Bg3 Ng4 24. e5 Rb8 25. Rc1 Nxf2 26. Bxf2 Qa5 27. Rc4 dxe5 28. Rxa4 Qb5 29. Ra7 Bd6 30. Be4 Bb7 31. a4 Qc4 32. Bxb7 e4 33. Ba6 Qd5 34. b3 Qf5 35. Ne1 Qf4 36. Qd4 Rxb3 37. Bc4 Qg4+ 38. Kf1 Rh3 39. Bxf7+ Rxf7 40. Rxf7 Rh1+ 41. Bg1 Kxf7 42. Qd5+ Qe6 43. Qxe6+ Kxe6 44. g6 hxg6 45. Kg2 Rxh4 46. Nc2 Rh5 47. Nd4+ Kd5 48. Nb5 Be5 49. Kf1 Rh1 50. Kg2 Rxg1+ 51. Kxg1 Kc4 0-1

[Event "WC-2017-P-00018"]
[Site "LSS email"]
[Date "2017.01.23"]
[Round "?"]
[White "Roberts, Anthony"]
[Black "Seiler, Peter"]
[Result "1/2-1/2"]
[WhiteElo "2336"]
[BlackElo "2122"]
[PlyCount "71"]
[EventDate "2017.02.01"]
[EventType "tourn (corr)"]
[EventRounds "12"]
[EventCountry "GER"]
[SourceTitle "Corr 2022"]
[Source "ChessBase"]
[SourceDate "2021.10.24"]
[SourceVersion "1"]
[SourceVersionDate "2021.10.24"]
[SourceQuality "1"]

1. e4 e5 2. Nf3 Nc6 3. Bb5 a6 4. Ba4 Nf6 5. 0-0 Be7 6. Re1 b5 7. Bb3 0-0 8. c3 d5 9. exd5 Nxd5 10. Nxe5 Nxe5 11. Rxe5 c6 12. d4 Bd6 13. Re1 Qh4 14. g3 Qh3 15. Be3 Bg4 16. Qd3 Rae8 17. Nd2 Qh5 18. a4 Re6 19. Nf1 Bf5 20. Qd2 Bh3 21. Bd1 Qg6 22. Bc2 Qh5 23. Bd1 Qg6 24. Bc2 Qh5 25. Qd3 f5 26. Bd2 f4 27. Rxe6 Bxe6 28. Qe4 Bf5 29. Bd1 Qxd1 30. Qxd5+ cxd5 31. Rxd1 bxa4 32. Bxf4 Bxf4 33. gxf4 Rb8 34. Ne3 Be4 35. Rd2 Rb3 36. h4 1/2-1/2

[Event "CP-2016-Q-00001"]
[Site "LSS email"]
[Date "2016.11.23"]
[Round "?"]
[White "Maur, Rainer"]
[Black "Roberts, Anthony"]
[Result "1/2-1/2"]
[WhiteElo "2247"]
[BlackElo "2322"]
[PlyCount "55"]
[EventDate "2016.12.01"]
[EventType "tourn (corr)"]
[EventRounds "6"]
[EventCountry "GER"]
[SourceTitle "Corr 2022"]
[Source "ChessBase"]
[SourceDate "2021.10.24"]
[SourceVersion "1"]
[SourceVersionDate "2021.10.24"]
[SourceQuality "1"]

1. d4 Nf6 2. c4 e6 3. Nf3 b6 4. Nc3 Bb4 5. Qc2 Bb7 6. a3 Bxc3+ 7. Qxc3 0-0 8. e3 d5 9. b4 a5 10. c5 Ne4 11. Qb2 Nd7 12. Bd3 axb4 13. axb4 Rxa1 14. Qxa1 Qa8 15. Qxa8 Rxa8 16. 0-0 Ra2 17. Re1 bxc5 18. bxc5 Ndf6 19. Re2 Rxe2 20. Bxe2 Ng4 21. Ba3 Ngxf2 22. Ne5 f6 23. Nd7 Bc6 24. Nb8 Ba4 25. Bb4 Nd1 26. Bxd1 Bxd1 27. Ba5 Kf8 28. Bxc7 1/2-1/2

[Event "CP-2016-Q-00001"]
[Site "LSS email"]
[Date "2016.11.23"]
[Round "?"]
[White "Roberts, Anthony"]
[Black "Nemec, Zdenek"]
[Result "1/2-1/2"]
[WhiteElo "2322"]
[BlackElo "2357"]
[PlyCount "49"]
[EventDate "2016.12.01"]
[EventType "tourn (corr)"]
[EventRounds "6"]
[EventCountry "GER"]
[SourceTitle "Corr 2022"]
[Source "ChessBase"]
[SourceDate "2021.10.24"]
[SourceVersion "1"]
[SourceVersionDate "2021.10.24"]
[SourceQuality "1"]

1. e4 e5 2. Nf3 Nc6 3. Bb5 Nf6 4. 0-0 Nxe4 5. d4 Nd6 6. Bxc6 dxc6 7. dxe5 Nf5 8. Qxd8+ Kxd8 9. Rd1+ Ke8 10. Nc3 Ne7 11. h3 Ng6 12. a4 f6 13. Re1 Kf7 14. a5 Bb4 15. Bd2 Re8 16. exf6 Rxe1+ 17. Nxe1 gxf6 18. Ne4 Bxd2 19. Nxd2 Be6 20. Nf1 h5 21. Rd1 b6 22. Nd3 c5 23. f3 Re8 24. Kf2 Rg8 25. Ng3 1/2-1/2

[Event "CP-2016-P-00036"]
[Site "LSS email"]
[Date "2016.09.27"]
[Round "?"]
[White "Roberts, Anthony"]
[Black "Chester, Ian"]
[Result "1-0"]
[WhiteElo "2324"]
[BlackElo "1451"]
[PlyCount "71"]
[EventDate "2016.10.01"]
[EventType "tourn (corr)"]
[EventRounds "6"]
[EventCountry "GER"]
[SourceTitle "Corr 2022"]
[Source "ChessBase"]
[SourceDate "2021.10.24"]
[SourceVersion "1"]
[SourceVersionDate "2021.10.24"]
[SourceQuality "1"]

1. e4 e6 2. d4 d5 3. Nc3 Nf6 4. e5 Nfd7 5. f4 c5 6. Nf3 Nc6 7. Be3 a6 8. Qd2 b5 9. a3 c4 10. f5 Be7 11. fxe6 fxe6 12. h4 0-0 13. Ne2 Rf7 14. Nf4 Nb6 15. c3 Na5 16. Qc2 Nb3 17. Rd1 Bd7 18. Ng5 Bxg5 19. hxg5 g6 20. Nxg6 Be8 21. Be2 Rg7 22. Nf4 Qxg5 23. Bf3 Qg3+ 24. Kf1 Bg6 25. Qe2 Bd3 26. Nxd3 cxd3 27. Rxd3 Nc4 28. Bh6 Qg6 29. Kg1 Nxb2 30. Re3 Nc4 31. Bxg7 Nxe3 32. Bf6 Nf5 33. Bh5 Ng3 34. Qd1 Nxh5 35. Rxh5 h6 36. Rh4 1-0